Responses for Show #548 - Wednesday, January 14, 1987

Missing introductions.

Contestants

[<< previous game]

Frank Ferguson, an assistant attorney general from Richmond, Virginia

Lance Lawson, a product manager originally from Moline, Illinois

Sharon Miyasato, an attorney from Oakland, California (whose 2-day cash winnings total $16,998)

[next game >>]

Jeopardy! Round responses

FACTS & FIGURES
AMERICAN LITERATURE
CARDS
TV HOSPITALS
WEATHER
"SEA" LIFE
    $100 1
Florida

Sharon
    $100 6
Mark Twain

Lance
    $100 20
(Edmond) Hoyle

Lance
    $100 15
Dr. Kildare

Sharon
    $100 8
lightning

Frank
    $100 21
a sea cow

Lance
    $200 2
Great Britain

Frank
    $200 7
Ernest Hemingway

Frank
    $200 25
4

Lance
    $200 16
General Hospital

Frank
    $200 9
September

Lance
    $200 27
a sea dog

Lance
    $300 3
Kool-Aid

Frank
    $300 12
Margaret Mitchell

Lance
    $300 26
Old Maid

Sharon
    $600 17
St. Elsewhere

Frank
    $300 10
winemakers

Frank
    $300 23
a sea fan

Triple Stumper
    $400 4
(Lance: What is Venus?)
(Frank: What is Pluto?)

Mars

SharonLanceFrank
    $400 13
Eugene O'Neill

Triple Stumper
    $400 18
Washington

Triple Stumper
    $400 11
red sky at night

Lance
    $400 24
a seahorse

Frank
    $500 5
ths USSR

Lance
    $500 14
(Sharon: What is Omoo?)

Billy Budd

SharonFrank
    $500 19
(Alex: It outlasted Quincy by one week, I believe.)

Medical Center

Triple Stumper
    $500 22
(Frank: What is Florida?)
...
(Alex: And we've got a minute to go in this round.)

Hawaii

LanceFrank
    $500 28
(Frank: What are mermaids?)
...
(Alex: Frank, unfortunately, you forgot the category. [*]. "Sea" has to appear in all of the responses.)
[The end-of-round signal sounds.]

sea serpents

Frank
Triple Stumper

Scores at the first commercial break (after clue 14):

Sharon Lance Frank
$0 $1,100 $1,200

Scores at the end of the Jeopardy! Round:

Sharon Lance Frank
$400 $2,200 $1,400

Double Jeopardy! Round responses

ANCIENT HISTORY
REPUBLICANS
SPORT OF KINGS
FOREIGN FOODS
RIVERS
WESTERN SONGS
    $200 10
chastity

Sharon
    $200 1
Ronald Reagan

Frank
    $200 2
an identification number

Frank
    $200 17
a tomato

Frank
    $200 7
the Mississippi

Sharon
    $200 26
"Deep In The Heart Of Texas"

Frank
    $400 11
(Lancy: Who is Mark Antony?)

Julius Caesar

SharonLance
    $400 8
Eldridge Cleaver

Sharon
    $400 3
(Alex: Long one, and it is [*] in shape.)

triangular

Triple Stumper
    $400 19
meatballs

Frank
    $400 18
the Seine

Sharon
    $600 12
(Frank: What is stripped?)
(Alex: No, so--whoa! I like your thinking.)
...
(Alex: They weren't allowed to leave, so they [*] right there.)

gave birth

Frank
Triple Stumper
    $600 9
Clare Boothe Luce

Lance
    $600 4
(Frank: What are 3?)

4

Frank
Triple Stumper
    $600 20
cut thin (thin strips)

Lance
    $600 23
the Missouri

Lance
    $800 13
the Stoics (stoicism)

Lance
    $1,000 15
Speaker of the House

Lance
    $800 5
the tote board

Frank
    $800 21
India

Sharon
    $800 24
(Alex: And we've got less than a minute to go in the round.)

the Black Sea

Triple Stumper
    $1000 14
(St.) Augustine

Lance
    $1000 16
(Lance: Who is Kefauver?)

Robert Taft

SharonLance
    $1000 6
Saratoga

Frank
    $1000 22
finnan haddie

Lance
    $1,000 25
(Lance: What is the head of nothing?)

the source of the Nile

Lance
    $1000 27
[The end-of-round signal sounds.]

"Ghost Riders In The Sky"

Frank

Scores at the end of the Double Jeopardy! Round:

Sharon Lance Frank
$3,800 $5,400 $4,200

[wagering suggestions for these scores]

Final Jeopardy! Round responses

THE SOVIET UNION
SharonWho was Stalin?
$3,799
FrankWho was Brezhnev?
$4,200
LanceWho was Stalin?
$3,010
Joseph Stalin

Final scores:

Sharon Lance Frank
$7,599 $8,410 $0
2nd place: Tappan electric range w/ microwave + Zenith 9" color TV New champion: $8,410 3rd place: Daniel Ming his & hers watches

Game dynamics:

Coryat scores:

Sharon Lance Frank
$3,800 $6,200 $3,900
11 R,
1 W
17 R
(including 1 DD),
4 W
(including 1 DD)
17 R
(including 1 DD),
5 W

Combined Coryat: $13,900

[game clues] [game scores] [suggest correction]

Game tape date: 1986-10-14
The J! Archive is created by fans, for fans. Scraping, republication, monetization, and malicious use prohibited; this site may use cookies and collect identifying information. See terms. The Jeopardy! game show and all elements thereof, including but not limited to copyright and trademark thereto, are the property of Jeopardy Productions, Inc. and are protected under law. This website is not affiliated with, sponsored by, or operated by Jeopardy Productions, Inc. Join the discussion at JBoard.tv.